Schaum's outline of theory and problems of operations research / (Record no. 184958)
[ view plain ]
| 000 -LEADER | |
|---|---|
| fixed length control field | 01851 a2200241 4500 |
| 003 - CONTROL NUMBER IDENTIFIER | |
| control field | Nust |
| 005 - DATE AND TIME OF LATEST TRANSACTION | |
| control field | 20230327121057.0 |
| 010 ## - LIBRARY OF CONGRESS CONTROL NUMBER | |
| LC control number | 81008276 |
| 020 ## - INTERNATIONAL STANDARD BOOK NUMBER | |
| International Standard Book Number | 0070079773 |
| 040 ## - CATALOGING SOURCE | |
| Transcribing agency | Nust |
| 082 00 - DEWEY DECIMAL CLASSIFICATION NUMBER | |
| Classification number | 658.4,BRO |
| 100 1# - MAIN ENTRY--PERSONAL NAME | |
| Personal name | Bronson, Richard. |
| 9 (RLIN) | 36440 |
| 245 10 - TITLE STATEMENT | |
| Title | Schaum's outline of theory and problems of operations research / |
| Statement of responsibility, etc. | Richard Bronson and Govindasami Naadimuthu. |
| 250 ## - EDITION STATEMENT | |
| Edition statement | 2nd Edition |
| 260 ## - PUBLICATION, DISTRIBUTION, ETC. | |
| Place of publication, distribution, etc. | New York : |
| Name of publisher, distributor, etc. | McGraw-Hill, |
| Date of publication, distribution, etc. | c1982. |
| 300 ## - PHYSICAL DESCRIPTION | |
| Extent | 328 p. : |
| Other physical details | ill. ; |
| Dimensions | 28 cm. |
| 490 0# - SERIES STATEMENT | |
| Series statement | Schaum's outline series |
| 505 ## - FORMATTED CONTENTS NOTE | |
| Formatted contents note | Mathematical Programming (Page-1), Linear Programming Basic Concepts (Page-18), Linear Programming (Page-32), Linear Programming Duality and Sanity (Page-56), Linear Programming Extension (Page-87), Integer Programming Branch and Bound Algorithms (Page-124), Integer Programming Cut Algorithms (Page-133), Integer Programming the Transportation Algorithms (Page-140), Integer Programming Scheduling Models (Page-155), Nonlinear Programming Single Variables Optimizations (Page-169), Nonlinear Programming Single Multi-variable's Optimizations without Constants (Page-182), Nonlinear Programming Single Multivariable’s Optimizations with Constructions (Page-198), Network Analysis (Page-216), Project Planning Using Pert/CPM (Page-231), Inventory Models (Page-259), Forecasting (Page-281), Game Theory (Page-312), Decision Theory (Page-325), Dynamic Programming (Page-342), Finite Markov Chains (Page-369), Markova Birth Death Processes (Page-379), Queuing Systems (Page-391), M/M/I Systems (Page-398), Other Systems with Poisson Type Input and Exponential Type Times (Page-407). |
| 600 ## - SUBJECT ADDED ENTRY--PERSONAL NAME | |
| Personal name | Govindasami Naadimuthu. |
| 9 (RLIN) | 107775 |
| 650 #0 - SUBJECT ADDED ENTRY--TOPICAL TERM | |
| Topical term or geographic name entry element | Operations research |
| General subdivision | Outlines, syllabi, etc. |
| 9 (RLIN) | 107776 |
| 650 #0 - SUBJECT ADDED ENTRY--TOPICAL TERM | |
| Topical term or geographic name entry element | Operations research |
| General subdivision | Problems, exercises, etc. |
| 9 (RLIN) | 36438 |
| 942 ## - ADDED ENTRY ELEMENTS (KOHA) | |
| Source of classification or shelving scheme | |
| Koha item type | Book |
| Call number prefix | 658.4,BRO |
| Withdrawn status | Lost status | Source of classification or shelving scheme | Damaged status | Not for loan | Permanent Location | Current Location | Shelving location | Date acquired | Full call number | Barcode | Date last seen | Price effective from | Koha item type | Public note | Total Checkouts |
|---|---|---|---|---|---|---|---|---|---|---|---|---|---|---|---|
| Military College of Signals (MCS) | Military College of Signals (MCS) | General Stacks | 12/12/2016 | 658.4,BRO | MCS33642 | 12/08/2016 | 12/12/2016 | Book | Almirah No.75, Shelf No.2 | ||||||
| Military College of Signals (MCS) | Military College of Signals (MCS) | General Stacks | 12/12/2016 | 658.4,BRO | MCS33643 | 12/08/2016 | 12/12/2016 | Book | Amirah No. 55, Shelf No.1 | ||||||
| Military College of Signals (MCS) | Military College of Signals (MCS) | General Stacks | 03/27/2023 | 658.4,BRO | MCS33640 | 03/27/2023 | 03/27/2023 | Book | Almirah No.75, Shelf No.2 | ||||||
| Military College of Signals (MCS) | Military College of Signals (MCS) | General Stacks | 03/27/2023 | 658.4,BRO | MCS33641 | 03/27/2023 | 03/27/2023 | Book | Almirah No.75, Shelf No.2 |
